| 000 | 00635nam a2200205Ia 4500 | ||
|---|---|---|---|
| 001 | 13485 | ||
| 003 | IVS | ||
| 005 | 20250626030846.0 | ||
| 008 | 211022s9999 xx 000 0 und d | ||
| 040 | _cIVS | ||
| 082 | _a729 SYE | ||
| 100 | _aSyed Sajeel Hasnain Ali Jaffari | ||
| 245 | 0 | _aExploring the transformation of traditional Neighborhood public spaces and their impact on social capital | |
| 260 | _aKarachi | ||
| 260 | _bIndus Valley School of Art & Architecture | ||
| 260 | _c2017 | ||
| 300 | _a75 | ||
| 856 | _uhttps://drive.google.com/file/d/1ydLXxPrQOWtn33aU7VpBjHj21-WF7ByX/view?usp=sharing | ||
| 942 |
_cDISS _n0 _2ddc |
||
| 999 |
_c13065 _d13065 |
||